000 00360nam a22001577a 4500
005 20160614110435.0
008 160614b xxu||||| |||| 00| 0 eng d
041 _aeng
082 _b7353
100 _aKelleghan, Kavin M
_91857
245 _aSupervisory Skills
260 _bSurjeet Publications
300 _a191
650 _aManagement
_9241
942 _cBK
999 _c2608
_d2607